Brentford FC Squad 2025-2026 - Statistics

General Stats
  • This quiz has been taken 365 times
    90 since last reset
  • The average score is 19 of 34
Answer Stats
# Position Nation Player % Correct
1 GK Ireland Caoimhín Kelleher
100%
9 FW Brazil Igor Thiago
95%
7 FW Germany Kevin Schade
93%
6 MF England Jordan Henderson
86%
24 MF Denmark Mikkel Damsgaard
86%
19 FW Burkina Faso Dango Ouattara
82%
22 DF Ireland Nathan Collins
80%
4 DF Netherlands Sepp van den Berg
80%
2 DF Scotland Aaron Hickey
77%
5 DF Jamaica Ethan Pinnock
77%
8 MF Denmark Mathias Jensen
77%
33 DF Italy Michael Kayode
77%
20 DF Norway Kristoffer Ajer
73%
3 DF England Rico Henry
71%
23 DF England Keane Lewis-Potter
70%
14 MF Portugal Fábio Carvalho
68%
- Coach Ireland Keith Andrews
66%
27 MF Germany Vitaly Janelt
66%
18 MF Ukraine Yegor Yarmolyuk
59%
15 MF Nigeria Frank Onyeka
52%
12 GK Iceland Hákon Valdimarsson
52%
17 MF Netherlands Antoni Milambo
36%
26 MF Turkey Yunus Konak
34%
11 FW England Reiss Nelson
30%
10 MF England Josh Dasilva
29%
39 FW Brazil Gustavo Nunes
27%
47 FW Belgium Kaye Furo
27%
13 GK England Matthew Cox
25%
45 FW England Romelle Donovan
25%
25 FW Jamaica Myles Peart-Harris
21%
31 GK England Ellery Balcombe
18%
32 MF England Paris Maghoma
16%
41 GK United States Julian Eyestone
14%
43 DF England Benjamin Arthur
13%
No matching quizzes found
Score Distribution
Percent of People with Each Score
Percentile by Number Answered
Your Score History
You have not taken this quiz since the last reset